[Event "3FoglarGM_A"]
[Site "?"]
[Date "2007.??.??"]
[Round "?"]
[White "Staniszewski, Jerzy"]
[Black "Henrich, Gunter"]
[Result "1/2-1/2"]
[WhiteElo "2400"]
[BlackElo "2398"]
[PlyCount "60"]
[EventDate "2007.??.??"]

1. e4 c5 2. Nf3 d6 3. d4 cxd4 4. Nxd4 Nf6 5. Nc3 a6 6. Be3 e6 7. f3 b5 8. g4 h6
9. Qd2 Nbd7 10. O-O-O Bb7 11. h4 b4 12. Na4 Qa5 13. b3 Nc5 14. a3 Nxa4 15. axb4
Qc7 16. bxa4 d5 17. e5 Nd7 18. f4 Nb6 19. f5 Nxa4 20. fxe6 Nc3 21. exf7+ Kxf7
22. Bd3 Bxb4 23. Rdf1+ Kg8 24. Qf2 Ba3+ 25. Kd2 Ne4+ 26. Bxe4 dxe4 27. Qf5 Bb4+
28. Kd1 Qc4 29. Ne6 Qd5+ 30. Ke2 Qc4+ 1/2-1/2

[Event "3FoglarGM_A"]
[Site "?"]
[Date "2007.??.??"]
[Round "?"]
[White "Poulheim, Karl-Friedrich"]
[Black "Morais, Gustavo"]
[Result "1-0"]
[WhiteElo "2404"]
[BlackElo "2376"]
[PlyCount "87"]
[EventDate "2007.??.??"]

1. d4 Nf6 2. Nf3 g6 3. c4 Bg7 4. Nc3 d5 5. cxd5 Nxd5 6. e4 Nxc3 7. bxc3 c5 8.
Rb1 O-O 9. Be2 Nc6 10. d5 Ne5 11. Nxe5 Bxe5 12. Qd2 e6 13. f4 Bc7 14. O-O exd5
15. exd5 Ba5 16. d6 b6 17. Rb3 Rb8 18. a4 Bf5 19. g4 Be6 20. Ra3 Kh8 21. f5
gxf5 22. Qh6 c4 23. Bf4 f6 24. g5 Rb7 25. Bh5 Rg7 26. Re1 Bd5 27. h4 Be4 28.
Kh2 a6 29. Rd1 Bd3 30. Rg1 b5 31. axb5 Qb6 32. Rg2 Bxc3 33. Rxc3 Qd4 34. Bg3 f4
35. Be1 Qe4 36. Bf2 f3 37. Rg3 Qe2 38. Rxf3 Qe5+ 39. Kh1 Be4 40. Rce3 f5 41.
Kg1 Rd8 42. Bg3 Qa1+ 43. Rf1 Qd4 44. Qf6 1-0

[Event "3FoglarGM_A"]
[Site "?"]
[Date "2007.??.??"]
[Round "?"]
[White "Morais, Gustavo"]
[Black "Staniszewski, Jerzy"]
[Result "1/2-1/2"]
[WhiteElo "2376"]
[BlackElo "2400"]
[PlyCount "132"]
[EventDate "2007.??.??"]

1. e4 e5 2. Nf3 Nc6 3. Bb5 a6 4. Ba4 Nf6 5. O-O Be7 6. Re1 b5 7. Bb3 d6 8. c3
O-O 9. d4 Bg4 10. h3 Bh5 11. g4 Bg6 12. g5 Nh5 13. Bd5 Qe8 14. Nh4 Rb8 15. Be3
Na5 16. Nd2 c6 17. Bb3 Nxb3 18. axb3 exd4 19. cxd4 f6 20. Rxa6 fxg5 21. Nxg6
Qxg6 22. Qg4 Nf4 23. Rxc6 h5 24. Qg3 Qe6 25. d5 Qd7 26. Kh2 h4 27. Qg4 Qxg4 28.
hxg4 Nd3 29. Rf1 Ne5 30. Rcc1 Nxg4+ 31. Kh3 Nxe3 32. fxe3 Rxf1 33. Rxf1 Bf6 34.
Rc1 Bxb2 35. Rc2 Bf6 36. e5 Bxe5 37. Ne4 Re8 38. Nxg5 Bf6 39. Ne6 Ra8 40. Nd4
Ra1 41. Nxb5 Rg1 42. Nxd6 Rg3+ 43. Kh2 Rxe3 44. Kg1 Rg3+ 45. Kf1 Rf3+ 46. Kg1
Be5 47. Ne4 Re3 48. Nc5 g5 49. Rc1 Kf7 50. Rd1 Bd6 51. Nb7 Ke7 52. Nxd6 Kxd6
53. Kh2 Re5 54. Rg1 Kxd5 55. b4 Kc4 56. Rg4+ Kc3 57. Kh3 Kd3 58. Rg1 Kc4 59.
Rg4+ Kb5 60. Rg1 Rf5 61. Rg4 Rd5 62. Kh2 Kc6 63. Rg2 Kd6 64. Kh3 Ke6 65. Kg4
Kf6 66. Kh5 h3 1/2-1/2

[Event "3FoglarGM_A"]
[Site "?"]
[Date "2007.??.??"]
[Round "?"]
[White "Vaclav, Juraj"]
[Black "Standke, Wolfgang"]
[Result "1/2-1/2"]
[WhiteElo "2488"]
[BlackElo "2523"]
[PlyCount "60"]
[EventDate "2007.??.??"]

1. e4 c5 2. Nf3 Nc6 3. d4 cxd4 4. Nxd4 Nf6 5. Nc3 e5 6. Ndb5 d6 7. Bg5 a6 8.
Na3 b5 9. Nd5 Be7 10. Bxf6 Bxf6 11. c3 O-O 12. Nc2 Rb8 13. h4 Be7 14. a3 Be6
15. Ncb4 Nxb4 16. axb4 Ra8 17. g3 Qd7 18. Bg2 Bd8 19. O-O Qc6 20. Ne3 a5 21.
bxa5 Bxa5 22. Nf5 Qd7 23. Qd2 h6 24. Rfd1 Bc7 25. Ne3 Bb3 26. Re1 Bb6 27. Bf1
Ra4 28. Rxa4 bxa4 29. Nc4 Qa7 30. Nxb6 Qxb6 1/2-1/2

[Event "3FoglarGM_A"]
[Site "?"]
[Date "2007.??.??"]
[Round "?"]
[White "Standke, Wolfgang"]
[Black "Poulheim, Karl-Friedrich"]
[Result "1/2-1/2"]
[WhiteElo "2523"]
[BlackElo "2404"]
[PlyCount "79"]
[EventDate "2007.??.??"]

1. d4 d5 2. c4 c6 3. Nc3 Nf6 4. Nf3 dxc4 5. a4 Bf5 6. e3 e6 7. Bxc4 Bb4 8. O-O
Nbd7 9. Qe2 Bg6 10. e4 O-O 11. Bd3 Bh5 12. e5 Nd5 13. Nxd5 cxd5 14. Qe3 h6 15.
Ne1 f5 16. Qh3 Bg4 17. Qg3 Kh8 18. f3 Bh5 19. Nc2 Be7 20. Bd2 a6 21. Qh3 Qe8
22. Rfc1 Rc8 23. Nb4 Bg6 24. Rxc8 Qxc8 25. a5 Bh7 26. f4 Qc7 27. Be2 Rc8 28.
Qe3 Qd8 29. Nd3 Qf8 30. b4 Rc7 31. Nc5 Nxc5 32. Rc1 Bg6 33. bxc5 Qe8 34. Rb1
Bh5 35. Bd3 Bd8 36. Bf1 Qd7 37. Rb4 Be8 38. Be2 g5 39. Rb6 g4 40. Be1 1/2-1/2

[Event "3FoglarGM_A"]
[Site "?"]
[Date "2007.??.??"]
[Round "?"]
[White "Daubenfeld, Nico"]
[Black "Staniszewski, Jerzy"]
[Result "1/2-1/2"]
[WhiteElo "2400"]
[BlackElo "2400"]
[PlyCount "69"]
[EventDate "2007.??.??"]

1. e4 c5 2. Nf3 Nc6 3. d4 cxd4 4. Nxd4 e6 5. Nc3 Qc7 6. Ndb5 Qb8 7. Be3 Nf6 8.
f4 d6 9. Be2 a6 10. Nd4 Be7 11. O-O Qc7 12. Qe1 O-O 13. Qg3 Nxd4 14. Bxd4 b5
15. a3 Bb7 16. Kh1 Bc6 17. Rae1 Qb7 18. Bd3 b4 19. axb4 Qxb4 20. Ne2 Qb7 21. e5
Nh5 22. Qg4 g6 23. Bc3 dxe5 24. fxe5 Ng7 25. Nd4 Bd5 26. Be4 a5 27. Bxd5 Qxd5
28. Qe2 Bb4 29. Nb5 Rab8 30. Bxb4 axb4 31. Nd6 Nf5 32. Rd1 Qc6 33. Rxf5 exf5
34. e6 Rbd8 35. exf7+ 1/2-1/2

[Event "3FoglarGM_A"]
[Site "?"]
[Date "2007.??.??"]
[Round "?"]
[White "Daubenfeld, Nico"]
[Black "Henrich, Gunter"]
[Result "1/2-1/2"]
[WhiteElo "2400"]
[BlackElo "2398"]
[PlyCount "53"]
[EventDate "2007.??.??"]

1. e4 c5 2. Nf3 d6 3. d4 cxd4 4. Nxd4 Nf6 5. Nc3 a6 6. Bg5 e6 7. f4 Qb6 8. Qd2
Qxb2 9. Rb1 Qa3 10. f5 Nc6 11. fxe6 fxe6 12. Nxc6 bxc6 13. Be2 Be7 14. O-O O-O
15. Rb3 Qc5+ 16. Be3 Qe5 17. Bf4 Qc5+ 18. Kh1 Ng4 19. h3 e5 20. Na4 Qa7 21.
Bc4+ Kh8 22. hxg4 exf4 23. Nb6 d5 24. exd5 cxd5 25. Bxd5 Rb8 26. Nxc8 Rbxc8 27.
Rxf4 1/2-1/2

[Event "3FoglarGM_A"]
[Site "?"]
[Date "2007.??.??"]
[Round "?"]
[White "Poulheim, Karl-Friedrich"]
[Black "Horvath, Alexander"]
[Result "1/2-1/2"]
[WhiteElo "2404"]
[BlackElo "2421"]
[PlyCount "103"]
[EventDate "2007.??.??"]

1. e4 d5 2. exd5 Qxd5 3. Nc3 Qd6 4. d4 Nf6 5. Nf3 a6 6. Bd3 Bg4 7. h3 Bh5 8. g4
Bg6 9. g5 Nd5 10. Nxd5 Qxd5 11. c4 Qd6 12. Be3 e6 13. Qb3 Qb4+ 14. Qxb4 Bxb4+
15. Ke2 Be7 16. Bxg6 hxg6 17. Rac1 a5 18. h4 a4 19. Bf4 Bd6 20. Be5 Bxe5 21.
Nxe5 Nd7 22. Nd3 Ra5 23. c5 Nb8 24. Ne5 Rb5 25. Rc2 Ke7 26. Kd3 Na6 27. Kc4
Rb4+ 28. Kc3 Rb5 29. Rcc1 Nb4 30. Kc4 c6 31. Rc3 Rd8 32. Rf3 Nxa2 33. Rxf7+ Ke8
34. Kd3 Rxb2 35. h5 Nb4+ 36. Ke3 Rb3+ 37. Ke4 Nc2 38. Rd1 Rb4 39. h6 Rdxd4+ 40.
Rxd4 Rxd4+ 41. Kf3 gxh6 42. gxh6 Rh4 43. h7 a3 44. Rxb7 Rxh7 45. Rxh7 a2 46.
Rh8+ Ke7 47. Nxc6+ Kd7 48. Ne5+ Kc7 49. Rh7+ Kc8 50. Ra7 a1=Q 51. Rxa1 Nxa1 52.
Ke4 1/2-1/2

[Event "3FoglarGM_A"]
[Site "?"]
[Date "2007.??.??"]
[Round "?"]
[White "Vaclav, Juraj"]
[Black "Conttegnie, Francis"]
[Result "0-1"]
[WhiteElo "2488"]
[BlackElo "2398"]
[PlyCount "58"]
[EventDate "2007.??.??"]

1. d4 d5 2. c4 dxc4 3. Nf3 Nf6 4. e3 a6 5. Bxc4 e6 6. O-O c5 7. Bb3 cxd4 8.
exd4 Nc6 9. Nc3 Be7 10. Re1 O-O 11. a3 Na5 12. Bc2 b5 13. d5 Re8 14. Bg5 Nxd5
15. Nxd5 exd5 16. Qd3 g6 17. Rxe7 Rxe7 18. Qc3 Raa7 19. a4 bxa4 20. Qc5 Rab7
21. Bxa4 h6 22. Bxe7 Rxe7 23. Rd1 Be6 24. b4 Nb7 25. Qe3 Kh7 26. h4 Nd6 27. h5
Nf5 28. hxg6+ fxg6 29. Qd4 Nxd4 0-1

[Event "3FoglarGM_A"]
[Site "?"]
[Date "2007.??.??"]
[Round "?"]
[White "Bortolin, Bruno"]
[Black "Horvath, Alexander"]
[Result "1/2-1/2"]
[WhiteElo "2398"]
[BlackElo "2421"]
[PlyCount "42"]
[EventDate "2007.??.??"]

1. d4 Nf6 2. c4 e6 3. g3 d5 4. Nf3 dxc4 5. Bg2 Nc6 6. Qa4 Bb4+ 7. Bd2 Nd5 8.
Bxb4 Ndxb4 9. O-O Rb8 10. Nc3 a6 11. Ne5 O-O 12. Nxc6 Nxc6 13. Bxc6 bxc6 14.
Qxc4 Rxb2 15. Rab1 Rb6 16. Qc5 f6 17. a4 Rxb1 18. Rxb1 Qd6 19. Qxd6 cxd6 20.
Rb6 c5 21. d5 Rd8 1/2-1/2

[Event "3FoglarGM_A"]
[Site "?"]
[Date "2007.??.??"]
[Round "?"]
[White "Morais, Gustavo"]
[Black "Horvath, Alexander"]
[Result "1/2-1/2"]
[WhiteElo "2376"]
[BlackElo "2421"]
[PlyCount "23"]
[EventDate "2007.??.??"]

1. e4 d5 2. exd5 Qxd5 3. Nf3 Bg4 4. Nc3 Qe6+ 5. Qe2 Qxe2+ 6. Bxe2 Nc6 7. d3 e5
8. Be3 O-O-O 9. O-O-O Nf6 10. h3 Bxf3 11. Bxf3 Nd4 12. Bg5 1/2-1/2

[Event "3FoglarGM_A"]
[Site "?"]
[Date "2007.??.??"]
[Round "?"]
[White "Standke, Wolfgang"]
[Black "Horvath, Alexander"]
[Result "1-0"]
[WhiteElo "2523"]
[BlackElo "2421"]
[PlyCount "33"]
[EventDate "2007.??.??"]

1. d4 Nf6 2. c4 e6 3. g3 d5 4. Bg2 dxc4 5. Nf3 Nc6 6. Qa4 Bb4+ 7. Bd2 Nd5 8.
Bxb4 Ndxb4 9. O-O Rb8 10. Nc3 a6 11. Ne5 O-O 12. Bxc6 Nxc6 13. Nxc6 bxc6 14.
Qxc4 Rxb2 15. Rab1 Rb6 16. Qc5 Qd6 17. Qxd6 1-0

[Event "3FoglarGM_A"]
[Site "?"]
[Date "2007.??.??"]
[Round "?"]
[White "Horvath, Alexander"]
[Black "Versili, Mario"]
[Result "1/2-1/2"]
[WhiteElo "2421"]
[BlackElo "2428"]
[PlyCount "105"]
[EventDate "2007.??.??"]

1. e4 c5 2. Nf3 Nc6 3. Nc3 e6 4. d4 cxd4 5. Nxd4 Nf6 6. Nxc6 bxc6 7. e5 Nd5 8.
Ne4 Qc7 9. f4 Qb6 10. c4 Bb4+ 11. Ke2 f5 12. exf6 Nxf6 13. Be3 Qc7 14. Nxf6+
gxf6 15. Kf2 O-O 16. c5 Qd8 17. a3 Ba5 18. b4 Bc7 19. Qf3 Rb8 20. Bc4 Kh8 21.
Rhd1 Qe7 22. Kg1 a5 23. bxa5 Ra8 24. a4 Rxa5 25. Kh1 Rg8 26. Qf2 d5 27. cxd6
Bxd6 28. Qh4 Bc7 29. Bd2 Qg7 30. g3 Rc5 31. Rac1 Bd8 32. Bb4 Rf5 33. Bc3 c5 34.
Bd3 Rd5 35. Rb1 Rxd3 36. Rxd3 Qg6 37. Rbd1 Qe4+ 38. Kg1 e5 39. Kf2 Bb7 40. fxe5
Qg2+ 41. Ke1 Bf3 42. Rxf3 Qxf3 43. Kd2 Rg4 44. Qh6 Qf2+ 45. Kc1 Ba5 46. Qd2
Qxd2+ 47. Bxd2 Bxd2+ 48. Kxd2 Rxa4 49. exf6 Ra6 50. Rf1 Kg8 51. Ke3 Kf7 52. Rf5
Re6+ 53. Kd3 1/2-1/2

[Event "3FoglarGM_A"]
[Site "?"]
[Date "2007.??.??"]
[Round "?"]
[White "Nyvlt, Zdenek"]
[Black "Bortolin, Bruno"]
[Result "1-0"]
[WhiteElo "2459"]
[BlackElo "2398"]
[PlyCount "55"]
[EventDate "2007.??.??"]

1. e4 Nf6 2. e5 Nd5 3. d4 d6 4. c4 Nb6 5. exd6 exd6 6. Nc3 Be7 7. Bd3 Nc6 8.
Nge2 Bg4 9. f3 Bc8 10. O-O O-O 11. b3 a5 12. d5 Nb4 13. Bb1 Bg5 14. f4 Bf6 15.
a3 Na6 16. Ra2 g6 17. f5 a4 18. Ne4 Be5 19. N2g3 Nc5 20. Nxc5 dxc5 21. Re2 Re8
22. Rxe5 Rxe5 23. Bb2 Nd7 24. bxa4 Qe8 25. Qd2 Rxa4 26. Bxe5 Nxe5 27. Ne4 Qe7
28. f6 1-0

[Event "3FoglarGM_A"]
[Site "?"]
[Date "2007.??.??"]
[Round "?"]
[White "Henrich, Gunter"]
[Black "Poulheim, Karl-Friedrich"]
[Result "1-0"]
[WhiteElo "2398"]
[BlackElo "2404"]
[PlyCount "60"]
[EventDate "2007.??.??"]

1. d4 Nf6 2. c4 e6 3. Nf3 d5 4. Nc3 c6 5. e3 Nbd7 6. Bd3 Bd6 7. e4 dxe4 8. Nxe4
Nxe4 9. Bxe4 Nf6 10. Bc2 b5 11. c5 Bc7 12. O-O Bb7 13. Bg5 a5 14. Re1 a4 15.
Ne5 h6 16. Bxf6 Qxf6 17. Be4 Bxe5 18. dxe5 Qe7 19. Rc1 O-O 20. Qd6 Qe8 21. Rcd1
Qc8 22. Qd3 Rd8 23. Qc3 Rxd1 24. Rxd1 Qc7 25. Rd6 Rf8 26. g3 Ba8 27. Qd4 Qa5
28. Rd7 Qe1+ 29. Kg2 g6 30. Qd3 Kg7 1-0

[Event "3FoglarGM_A"]
[Site "?"]
[Date "2007.??.??"]
[Round "?"]
[White "Versili, Mario"]
[Black "Nyvlt, Zdenek"]
[Result "0-1"]
[WhiteElo "2428"]
[BlackElo "2459"]
[PlyCount "77"]
[EventDate "2007.??.??"]

1. e4 d6 2. d4 Nf6 3. Nc3 g6 4. Nf3 Bg7 5. Be2 O-O 6. O-O e6 7. Re1 Nc6 8. h3
a6 9. Bg5 h6 10. Be3 Kh7 11. a3 Nd7 12. Qd2 Ne7 13. Bd3 b5 14. b4 Bb7 15. a4
bxa4 16. Nxa4 f5 17. Bf4 Qe8 18. Bh2 fxe4 19. Bxe4 Bxe4 20. Rxe4 Nc6 21. Rae1
Qb8 22. c3 a5 23. Rxe6 axb4 24. Qd3 Rf6 25. Re8 Qb7 26. cxb4 Rxe8 27. Rxe8 Qxb4
28. Nc3 Rf7 29. Nb5 Nf6 30. Rc8 Nd5 31. Bxd6 cxd6 32. Rxc6 Nf4 33. Qc4 Qb1+ 34.
Kh2 d5 35. Nc3 Qf5 36. Qb3 Nxh3 37. Qxd5 Nxf2 38. Qxf5 Rxf5 39. Rc7 0-1

[Event "3FoglarGM_A"]
[Site "?"]
[Date "2007.??.??"]
[Round "?"]
[White "Sykora, Josef"]
[Black "Bures, Jilji"]
[Result "1/2-1/2"]
[WhiteElo "2375"]
[BlackElo "2451"]
[PlyCount "50"]
[EventDate "2007.??.??"]

1. c4 e6 2. g3 d5 3. Bg2 Nf6 4. Nf3 Be7 5. O-O O-O 6. b3 b6 7. Bb2 Bb7 8. e3 c5
9. d3 Nc6 10. Qe2 Qc7 11. Nc3 Rad8 12. Rfd1 Rfe8 13. Rac1 Qb8 14. cxd5 exd5 15.
d4 cxd4 16. Nxd4 Nxd4 17. Rxd4 Bc5 18. Rdd1 d4 19. Na4 Bxg2 20. Kxg2 Rd6 21.
Nxc5 bxc5 22. Rxc5 dxe3 23. fxe3 Qb7+ 24. Kg1 Rxe3 25. Qf1 Rxd1 1/2-1/2

[Event "3FoglarGM_A"]
[Site "?"]
[Date "2007.??.??"]
[Round "?"]
[White "Nyvlt, Zdenek"]
[Black "Standke, Wolfgang"]
[Result "1/2-1/2"]
[WhiteElo "2459"]
[BlackElo "2523"]
[PlyCount "48"]
[EventDate "2007.??.??"]

1. Nf3 c5 2. c4 Nf6 3. Nc3 b6 4. d4 cxd4 5. Nxd4 Bb7 6. f3 d6 7. e4 e6 8. Be3
Be7 9. Be2 O-O 10. O-O Nbd7 11. Qd2 a6 12. a4 Ne5 13. a5 bxa5 14. Nb3 Nc6 15.
Rfd1 Nd7 16. Nb1 Nc5 17. Nxa5 Rb8 18. Bxc5 dxc5 19. Nxc6 Bxc6 20. Qxd8 Rfxd8
21. Rxd8+ Bxd8 22. Rxa6 Rxb2 23. Rxc6 Rxb1+ 24. Kf2 Kf8 1/2-1/2

[Event "3FoglarGM_A"]
[Site "?"]
[Date "2007.??.??"]
[Round "?"]
[White "Morais, Gustavo"]
[Black "Versili, Mario"]
[Result "1-0"]
[WhiteElo "2376"]
[BlackElo "2428"]
[PlyCount "112"]
[EventDate "2007.??.??"]

1. e4 c5 2. Nf3 Nc6 3. Nc3 e6 4. d4 cxd4 5. Nxd4 Nf6 6. Ndb5 d6 7. Be3 a6 8.
Nd4 Be7 9. Be2 O-O 10. O-O Qc7 11. f4 e5 12. Nb3 b5 13. a4 b4 14. Nd5 Nxd5 15.
exd5 Na5 16. Nxa5 exf4 17. Rxf4 Qxa5 18. Bd3 f5 19. Bd2 Qb6+ 20. Kh1 a5 21. c3
Bg5 22. Rf1 Bxd2 23. Qxd2 bxc3 24. bxc3 Bd7 25. Rfb1 Qc7 26. Bb5 f4 27. Qd4 f3
28. Rg1 fxg2+ 29. Rxg2 Rf7 30. Re1 Raf8 31. Rg5 Bf5 32. Qe3 Qc8 33. Rg3 Bg4 34.
Kg1 h5 35. Qd4 Qf5 36. Bd3 Qg5 37. Qe4 Qh6 38. h3 Bf5 39. Qe3 Qxe3+ 40. Rgxe3
Bxd3 41. Rxd3 Rf3 42. Rxf3 Rxf3 43. Re8+ Kf7 44. Ra8 Rxh3 45. Rxa5 Kf6 46. Ra7
g5 47. Rd7 Ke5 48. Rg7 Kf4 49. Rf7+ Ke4 50. Rh7 h4 51. Rg7 Kf4 52. Rf7+ Ke5 53.
Rg7 Kf6 54. Rd7 Rxc3 55. Rxd6+ Kf5 56. Rd8 Kf4 1-0

[Event "3FoglarGM_A"]
[Site "?"]
[Date "2007.??.??"]
[Round "?"]
[White "Poulheim, Karl-Friedrich"]
[Black "Staniszewski, Jerzy"]
[Result "1/2-1/2"]
[WhiteElo "2404"]
[BlackElo "2400"]
[PlyCount "41"]
[EventDate "2007.??.??"]

1. e4 c5 2. d4 cxd4 3. c3 dxc3 4. Nxc3 d6 5. Nf3 Nc6 6. Bc4 e6 7. O-O Be7 8.
Qe2 a6 9. Rd1 Qc7 10. Bf4 Nf6 11. Rac1 O-O 12. Bb3 Qb8 13. Na4 b5 14. Rxc6 bxa4
15. Bxa4 Bd7 16. Rc4 Bb5 17. Bxb5 axb5 18. Rc6 Rxa2 19. Bxd6 Bxd6 20. Rcxd6 Qc7
21. R6d4 1/2-1/2

[Event "3FoglarGM_A"]
[Site "?"]
[Date "2007.??.??"]
[Round "?"]
[White "Bortolin, Bruno"]
[Black "Poulheim, Karl-Friedrich"]
[Result "1/2-1/2"]
[WhiteElo "2398"]
[BlackElo "2404"]
[PlyCount "114"]
[EventDate "2007.??.??"]

1. e4 e6 2. d4 d5 3. e5 c5 4. c3 Qb6 5. Nf3 Bd7 6. a3 a5 7. Be2 a4 8. c4 cxd4
9. cxd5 exd5 10. Qxd4 Bc5 11. Qh4 Ne7 12. O-O Ng6 13. Qh5 Nc6 14. Nc3 Nce7 15.
Bd3 O-O 16. Bg5 Be6 17. Rad1 Rfd8 18. Bxg6 hxg6 19. Qh4 Nf5 20. Qf4 Rdc8 21. g4
Ne7 22. Nxa4 Qd8 23. Nxc5 Rxc5 24. Qb4 Qc7 25. Nd4 b6 26. Nxe6 fxe6 27. Bxe7
Qxe7 28. Qxb6 Rac8 29. h3 R8c6 30. Qb4 Qg5 31. Rfe1 Rc2 32. Rd3 R6c4 33. Qb6
Rf4 34. Kg2 d4 35. Qxe6+ Kh7 36. Rf1 Qh4 37. Rg3 Qd8 38. Qb3 Qa8+ 39. Kg1 Re2
40. Qd1 Qe4 41. Rb3 Qxe5 42. Qd3 Ree4 43. Rb5 Qc7 44. f3 Re6 45. Kg2 Qc6 46.
Rf2 Re3 47. Rh5+ Kg8 48. Qb5 Qe6 49. Rd5 Kh7 50. Rd8 Rexf3 51. Rxf3 Rxf3 52.
Kxf3 Qf6+ 53. Ke4 Qxd8 54. g5 d3 55. Qxd3 Qxg5 56. b4 Qh4+ 57. Kd5 Qd8+ 1/2-1/2

[Event "3FoglarGM_A"]
[Site "?"]
[Date "2007.??.??"]
[Round "?"]
[White "Versili, Mario"]
[Black "Henrich, Gunter"]
[Result "1/2-1/2"]
[WhiteElo "2428"]
[BlackElo "2398"]
[PlyCount "59"]
[EventDate "2007.??.??"]

1. e4 c5 2. Nf3 d6 3. d4 cxd4 4. Nxd4 Nf6 5. Nc3 a6 6. Bg5 e6 7. f4 Nbd7 8. Qf3
Qc7 9. O-O-O b5 10. Bd3 Bb7 11. Rhe1 Qb6 12. Nd5 Qxd4 13. Bxf6 gxf6 14. Bxb5
Qc5 15. b4 Qxb5 16. Nc7+ Ke7 17. Nxb5 axb5 18. Qd3 Ra6 19. Qxb5 Rb6 20. Qd3 Bh6
21. g3 Ra8 22. a3 e5 23. Qe3 Rc6 24. Rd2 Nb6 25. b5 Rc5 26. Rxd6 Kxd6 27. fxe5+
Kc7 28. Qxh6 Nc4 29. Qxf6 Rxa3 30. b6+ 1/2-1/2

[Event "3FoglarGM_A"]
[Site "?"]
[Date "2007.??.??"]
[Round "?"]
[White "Conttegnie, Francis"]
[Black "Horvath, Alexander"]
[Result "1/2-1/2"]
[WhiteElo "2398"]
[BlackElo "2421"]
[PlyCount "38"]
[EventDate "2007.??.??"]

1. d4 Nf6 2. Nf3 d5 3. c4 e6 4. Nc3 Nbd7 5. cxd5 exd5 6. Bg5 Bb4 7. Qc2 c5 8.
a3 Bxc3+ 9. Qxc3 c4 10. b3 Ne4 11. Bxd8 Nxc3 12. Ba5 Ne4 13. Nd2 cxb3 14. Nxb3
b6 15. f3 bxa5 16. fxe4 dxe4 17. Nxa5 Rb8 18. e3 Nf6 19. Rc1 Bd7 1/2-1/2

[Event "3FoglarGM_A"]
[Site "?"]
[Date "2007.??.??"]
[Round "?"]
[White "Bures, Jilji"]
[Black "Vaclav, Juraj"]
[Result "1/2-1/2"]
[WhiteElo "2451"]
[BlackElo "2488"]
[PlyCount "35"]
[EventDate "2007.??.??"]

1. e4 e5 2. Nf3 Nc6 3. d4 Nxd4 4. Nc3 d6 5. a4 a6 6. Nd5 Be6 7. Nxe5 Nf6 8. Bg5
Bxd5 9. exd5 Rb8 10. Ra3 h6 11. Bh4 b6 12. Nc4 c5 13. Rb3 g5 14. Bg3 Qd7 15.
Qf3 a5 16. Qc3 b5 17. Qd3 Qe7+ 18. Ne3 1/2-1/2

[Event "3FoglarGM_A"]
[Site "?"]
[Date "2007.??.??"]
[Round "?"]
[White "Poulheim, Karl-Friedrich"]
[Black "Versili, Mario"]
[Result "0-1"]
[WhiteElo "2404"]
[BlackElo "2428"]
[PlyCount "132"]
[EventDate "2007.??.??"]

1. e4 c5 2. d4 cxd4 3. c3 dxc3 4. Nxc3 Nc6 5. Nf3 a6 6. Bc4 e6 7. O-O b5 8. Bb3
Bb7 9. Qe2 Nge7 10. Bg5 h6 11. Be3 Na5 12. Bc2 Ng6 13. e5 Bxf3 14. Qxf3 Nxe5
15. Qg3 Nec4 16. Bf4 Rc8 17. a4 Nc6 18. axb5 Nd4 19. Bd3 Nxb2 20. Rfb1 Nxd3 21.
Qxd3 Nxb5 22. Nxb5 axb5 23. Qxb5 Bc5 24. Rc1 Bd4 25. Rxc8 Qxc8 26. Rc1 Qa8 27.
Bd6 Bf6 28. h3 Bd8 29. Qe5 Rg8 30. Qg3 g6 31. Rd1 f5 32. Be5 Be7 33. Qc3 g5 34.
Qc1 Qe4 35. Qc8+ Kf7 36. Qc7 Rd8 37. Qc3 d6 38. Bd4 Rb8 39. Kh2 e5 40. Ba7 Rb1
41. Rxb1 Qxb1 42. Qc4+ Kf6 43. Qg8 f4 44. Qh8+ Ke6 45. Qg8+ Kd7 46. Qd5 Qc2 47.
f3 Qc6 48. Qd3 d5 49. Bb8 Qe6 50. Qb5+ Kd8 51. Ba7 Bd6 52. h4 gxh4 53. Bf2 Ke7
54. Bxh4+ Kf7 55. g3 e4 56. fxe4 fxg3+ 57. Bxg3 Bxg3+ 58. Kxg3 Qe5+ 59. Kh3
Qxe4 60. Qc5 d4 61. Kg3 Qe3+ 62. Kh2 Kg6 63. Qb6+ Kh5 64. Qa7 Kh4 65. Qb6 Qf4+
66. Kh1 Kg3 0-1

[Event "3FoglarGM_A"]
[Site "?"]
[Date "2007.??.??"]
[Round "?"]
[White "Staniszewski, Jerzy"]
[Black "Bortolin, Bruno"]
[Result "1-0"]
[WhiteElo "2400"]
[BlackElo "2398"]
[PlyCount "77"]
[EventDate "2007.??.??"]

1. d4 f5 2. g3 Nf6 3. Bg2 e6 4. c4 c6 5. Nf3 d5 6. O-O Bd6 7. b3 Qe7 8. Ne5 b6
9. cxd5 exd5 10. Bb2 Bb7 11. Qc2 O-O 12. Qxf5 c5 13. e3 Na6 14. Nc3 Rad8 15.
Rad1 Nc7 16. f4 b5 17. dxc5 Bxc5 18. Rfe1 a6 19. Qh3 b4 20. Na4 Ba7 21. Bd4
Bxd4 22. exd4 Qd6 23. g4 Ne4 24. Qe3 Nb5 25. Nc5 Ba8 26. f5 Nbc3 27. Rc1 Nxc5
28. dxc5 Qc7 29. Nd3 a5 30. a3 d4 31. Qe6+ Kh8 32. Bxa8 Rxa8 33. axb4 axb4 34.
Ra1 Rad8 35. Qe7 Rf7 36. Qxc7 Rxc7 37. Kf2 Rg8 38. Kf3 h5 39. gxh5 1-0

[Event "3FoglarGM_A"]
[Site "?"]
[Date "2007.??.??"]
[Round "?"]
[White "Versili, Mario"]
[Black "Staniszewski, Jerzy"]
[Result "0-1"]
[WhiteElo "2428"]
[BlackElo "2400"]
[PlyCount "117"]
[EventDate "2007.??.??"]

1. e4 c5 2. Nf3 d6 3. d4 cxd4 4. Nxd4 Nf6 5. Nc3 a6 6. Bg5 e6 7. f4 Be7 8. Qf3
Qc7 9. O-O-O Nbd7 10. g4 b5 11. Bxf6 Nxf6 12. g5 Nd7 13. f5 Nc5 14. h4 b4 15.
Nce2 e5 16. f6 exd4 17. fxg7 Rg8 18. Nxd4 Be6 19. Nxe6 Nxe6 20. Kb1 Rc8 21. Qb3
Qc6 22. Rh2 Rxg7 23. Qxb4 d5 24. exd5 Bxb4 25. dxc6 Rxc6 26. c3 Be7 27. Rf2 h6
28. gxh6 Rh7 29. h5 Rxh6 30. Be2 Ng7 31. Rd5 Bd6 32. Kc2 Ke7 33. Rf1 Ne6 34. a4
Bb8 35. Bf3 Rc4 36. b4 Rf6 37. Be2 Rcf4 38. Re1 Re4 39. Kd3 Bg3 40. Rh1 Rxe2
41. Kxe2 Nf4+ 42. Kf3 Nxd5+ 43. Kxg3 Rh6 44. Kg4 Kf8 45. Kg5 Re6 46. h6 Kg8 47.
h7+ Kh8 48. Rh3 Re5+ 49. Kg4 a5 50. Rf3 f6 51. b5 Kxh7 52. c4 Ne3+ 53. Kh3 Nxc4
54. Rxf6 Re3+ 55. Kg4 Ra3 56. Kg5 Rxa4 57. Rf7+ Kg8 58. Rb7 Rb4 59. Kg6 0-1

[Event "3FoglarGM_A"]
[Site "?"]
[Date "2007.??.??"]
[Round "?"]
[White "Bures, Jilji"]
[Black "Nyvlt, Zdenek"]
[Result "1-0"]
[WhiteElo "2451"]
[BlackElo "2459"]
[PlyCount "101"]
[EventDate "2007.??.??"]

1. e4 c5 2. Nf3 d6 3. d4 cxd4 4. Nxd4 Nf6 5. Nc3 a6 6. Be2 e5 7. Nb3 Be7 8. O-O
O-O 9. Be3 Be6 10. Nd5 Nbd7 11. Qd3 Bxd5 12. exd5 Rc8 13. c4 a5 14. Rac1 a4 15.
Nd2 Nc5 16. Qf5 Qd7 17. Qf3 Bd8 18. Rb1 Ne8 19. b4 axb3 20. axb3 f5 21. g4 f4
22. Bxc5 dxc5 23. Bd3 Nd6 24. Ne4 Be7 25. Ra1 Nxe4 26. Bxe4 Ra8 27. Bf5 Qc7 28.
Ra4 Rxa4 29. bxa4 Ra8 30. Qb3 g6 31. Bc2 Qd7 32. h3 Ra7 33. Qb6 Ra6 34. Qb2 Bd6
35. Rb1 b6 36. Kg2 Kf7 37. Qb5 Qxb5 38. Rxb5 Kf6 39. h4 e4 40. Rb1 Ke5 41. Re1
Kd4 42. Rxe4+ Kc3 43. Bd1 Ra7 44. Kf3 Rd7 45. Be2 Kb4 46. h5 gxh5 47. gxh5 Kxa4
48. Bd3 Kb3 49. Re6 Bc7 50. Rc6 Rf7 51. Rh6 1-0

[Event "3FoglarGM_A"]
[Site "?"]
[Date "2007.??.??"]
[Round "?"]
[White "Nyvlt, Zdenek"]
[Black "Mrkvicka, Josef"]
[Result "1-0"]
[WhiteElo "2459"]
[BlackElo "2488"]
[PlyCount "105"]
[EventDate "2007.??.??"]

1. e4 c5 2. Nf3 d6 3. d4 cxd4 4. Nxd4 Nf6 5. Nc3 a6 6. Be3 e6 7. g4 e5 8. Nf5
h5 9. g5 Nxe4 10. Nxg7+ Bxg7 11. Nxe4 d5 12. Ng3 d4 13. Bd2 Qd5 14. Be2 e4 15.
c4 Qc6 16. Nxh5 Be5 17. f4 Bd6 18. Qc2 Be7 19. Ng3 e3 20. Ba5 Qd6 21. O-O-O Nc6
22. Bb6 Nb4 23. c5 Qxb6 24. cxb6 Nxc2 25. Kxc2 Bc5 26. h4 Bxb6 27. h5 Be6 28.
h6 Rc8+ 29. Kb1 O-O 30. f5 Bd5 31. Rh4 Rc6 32. Bd3 Bc7 33. Ne2 Be5 34. Rg1 Bc4
35. Bxc4 Rxc4 36. g6 fxg6 37. fxg6 Re8 38. Nf4 Rcc8 39. Nd3 Kh8 40. Rh5 Bd6 41.
Rf5 e2 42. Rf7 Bh2 43. Rh1 Re3 44. g7+ Kg8 45. h7+ Kxh7 46. Ne1 Kg8 47. Rf8+
Rxf8 48. gxf8=Q+ Kxf8 49. Rxh2 Ke7 50. Rh7+ Kd6 51. Rxb7 Kc6 52. Rh7 Kd5 53.
Kc1 1-0